000
00337nam a22001577a 4500
003
SGT
020
_a
978032383834711
082
_a
616.5
_b
D25B
100
_a
BOLOGNIA J.
245
_a
DERMATOLOGY 2 VOLUNE SET
250
_a
5TH
260
_a
POLAND
_b
ELSEVIER PUB
_c
2025
300
_a
2704
650
_a
DERMATOLOGY
942
_2
ddc
_c
BK
999
_c
30499
_d
30499